Villes du monde par lac - click quiz - Statistiques

Statistiques générales
  • Ce quiz a été pris 27 fois
  • Le résultat moyen est 10 sur 20
Statistiques - réponses
Hint Réponse % Correct
Lac Michigan Chicago
77%
Lac Léman Genève
73%
Lac Victoria Mwanza
69%
Lac du Bourget Aix-les-Bains
65%
Mer Caspienne Bakou
65%
Lac des Quatre Cantons Lucerne
65%
Grand Lac Salé Salt Lake City
65%
Lac Ontario Toronto
65%
Étang de Berre Martigues
58%
Lac de Neuchâtel Yverdon-les-Bains
58%
Lac Balaton Keszthely
46%
Lac de Constance Lindau
46%
Lac Érié Cleveland
42%
Ijsselmeer Lelystad
42%
Lac Majeur Locarno
42%
Lac Kir Dijon
31%
Lac Supérieur Thunder Bay
31%
Lac de Zürich Zollikon
27%
Lac de Garde Salò
23%
Lac Müritz Waren
19%
Aucun quiz correspondant
Distribution des résultats
% des personnes avec chaque résultat
Percentile par nombre de réponses
Votre historique - résultats
Vous n’avez pas pris ce quiz